Normal view
MARC view
Entry Geographic Name
001 - CONTROL NUMBER
- control field: 12753
003 - CONTROL NUMBER IDENTIFIER
- control field: ARRUPE
005 - DATE AND TIME OF LATEST TRANSACTION
- control field: 20141119171139.0
008 - FIXED-LENGTH DATA ELEMENTS
- fixed length control field: 141119|| aca||aabn | a|a d
040 ## - CATALOGING SOURCE
- Original cataloging agency: ARRUPE
- Transcribing agency: ARRUPE
151 ## - HEADING--GEOGRAPHIC NAME
- Geographic name: Tierra del Fuego (Argentina and Chile)
- General subdivision: Description and travel.
670 ## - SOURCE DATA FOUND
- Source citation: Work cat.: (ARRUPE)0: Bridges, E. Lucas, 1874-1949. 12751, Uttermost part of the earth., [1948]